LEADER 01280nam a2200217 i 4500 001 991001719159707536 008 120518s2000 it 000 0 ita d 035 $ab14058753-39ule_inst 040 $aBiblioteca Interfacoltà$bita 082 04$a907.1 245 00$aFare storia :$bla risorsa del Novecento : gli Istituti storici della resistenza e l'insegnamento della storia contemporanea 1996-2000 : seminario nazionale degli insegnanti comandati : 3. biennale della didattica, Insegnare storia, costruire memoria. Scenari della grande trasformazione nell'Italia del secondo dopoguerra, Modena, 24-25 ottobre 2000 260 $aMilano :$bInsmli,$c[2000] 300 $a119 p. ;$c22 cm 500 $aIn testa al front.: Istituto nazionale per la storia del Movimento di liberazione in Italia, Istituti per la storia della Resistenza e della società contemporanea, Laboratorio nazionale per la didattica della storia 650 4$aStoria$xInsegnamento$vCongressi$zModena$y2000 907 $a.b14058753$b02-04-14$c18-05-12 912 $a991001719159707536 945 $aLE002 907.1 FAR$g1$i2002000843791$lle002$og$pE0.00$q-$rl$s- $t0$u1$v0$w1$x0$y.i15411801$z18-05-12 996 $aFaire de l'Histoire$955294 997 $aUNISALENTO 998 $ale002$b18-05-12$cm$da $e-$fita$git $h0$i0 LEADER 01325cas1-2200445---450 001 990001267380203316 005 20240215110627.0 011 $a1128-6768 035 $a000126738 035 $aUSA01000126738 035 $a(ALEPH)000126738USA01 035 $a000126738 100 $a20031120a19519999km-y0itay0103----ba 101 0 $aita 102 $aIT 110 $aakaz---|||| 200 1 $aArchivio italiano per la storia della pietà 207 1$aVol. 1 (1951)- 210 $aRoma$cEdizioni di storia e letteratura$d1951- 215 $av.$d36 cm 300 $aVaria il formato 326 $aAnnuale 606 0 $aReligione$xPeriodici 676 $a200.5 801 0$aIT$bsalbc$gISBD 852 $tCELDES_24 912 $a990001267380203316 948 $s46 958 $aUMA$bPer XI 39$cVol.1 (1951)- 959 $aSE 979 $aSIAV3$b10$c20031120$lUSA01$h1029 979 $aSIAV3$b10$c20031120$lUSA01$h1045 979 $aPATRY$b90$c20040406$lUSA01$h1730 979 $aCOPAT2$b90$c20050317$lUSA01$h1250 979 $aVITTORIANA$b90$c20051018$lUSA01$h1347 979 $aESTER$b90$c20090702$lUSA01$h1234 979 $aVITTORIANA$b90$c20091001$lUSA01$h1405 979 $aVITTORIANA$b90$c20091001$lUSA01$h1414 996 $aArchivio italiano per la storia della pietà$9527451 997 $aUNISA